000 01293aam a2200325 i 4500
999 _c45874
_d45874
001 768714001
003 CO-MdFUSB
005 20201022151610.0
007 ta
008 200514t1929 enk |||| |||| 00| 0 eng d
020 _a[No incluye ISBN]
040 _bspa.
_aCO-MdFUSB
_cCO-MdFUSB
_dCO-MdFUSBC
_erda
041 _aeng
082 _223
_a270.6
_bM283
100 1 _aManning, Bernard Lord
_eautor
245 1 4 _aThe making of modern English religion :
_ban historical impression of certain religious forces in modern english history
_c/ Bernard Lord Manning
264 1 _aLondres :
_bStudent Christian Movement,
_c[1929]
264 4 _c© 1929
300 _a143 páginas
_c; 20 cm
336 _atexto
_btxt
_2rdacontent
337 _2rdamedia
_asin mediación
_bn
338 _2rdacarrier
_avolumen
_bnc
505 _aInstituciones en el legado medieval - Las creencias en el legado medieval - Martín Lutero y el redescubrimiento de la religión evangélica - Juan Calvino y la reexpresión de churchmanship - Las iglesias libres - La iglesia anglicana - El enfoque histórico a problemas eclesiásticos
563 _aPasta dura
600 1 7 _aLuther, Martin
_d(1483-1546)
650 0 _9153
_aHistoria de la Iglesia
942 _cBK
945 _aJTF-925